MPC-based Reference Governors: Theory and Applications dissertation thesis

Na minha lista:
Detalhes bibliográficos
Autor principal: Klaučo, Martin
Formato: Livro
Idioma:inglês
Publicado em: Bratislava STU FCHPT 2017
Acesso em linha:View in OPAC
Tags: Adicionar Tag
Sem tags, seja o primeiro a adicionar uma tag!

MARC

LEADER 00000nam a2200000 a 4500
005 20260127134348.0
008 200305 2017 xo a 001 0 eng d
035 |a vtls011922138 
039 9 |y 202003051157  |z mschk03 
040 |a STUSCHK1  |b slo  |c STUSCHK1  |e AACR2 
100 1 |a Klaučo, Martin 
245 1 |a MPC-based Reference Governors: Theory and Applications  |b dissertation thesis  |c Martin Klaučo 
260 |a Bratislava  |b STU FCHPT  |c 2017 
300 |a 128 p.  |b ill.  |c 25 cm 
500 |a Study programme: Process Control 
500 |a Study field: Automation 
500 |a Workplace: Institute of Information Engineering, Automation and Mathematics 
500 |a Reg.No.: FCHPT-19990-50920 
910 |a SCHK95 
999 |c 10844  |d 10844